000 00965cam a22003013a 4500
001 29693
003 PGUSA
005 20140828083636.0
008 090815s2009||||xxu|||||s|||||000 1 eng d
040 _aPGUSA
_beng
042 _adc
050 4 _aPZ
100 1 _aEllis, Edward Sylvester,
_d1840-1916
245 1 2 _aA Waif of the Mountains
_h[electronic resource] /
_cEdward Sylvester Ellis
260 _bProject Gutenberg,
_c2009
506 _aPublic domain in the USA.
516 _aElectronic text
653 _aMissing children -- Juvenile fiction
653 _aMiners -- Juvenile fiction
653 _aMotherless families -- Juvenile fiction
653 _aStudents -- Juvenile fiction
653 _aFathers and daughters -- Juvenile fiction
653 _aWest (U.S.) -- Juvenile fiction
653 _aConduct of life -- Juvenile fiction
830 0 _aProject Gutenberg
_v29693
856 4 0 _uhttp://www.gutenberg.org/ebooks/29693
942 _cEB
999 _c258948
_d258948